Divinités mayas-De quoi est-il/elle le dieu/la déesse? - Statistiques

Statistiques générales
  • Ce quiz a été pris 17 fois
    11 depuis la dernière actualisation
  • Le résultat moyen est 4 sur 12
Statistiques - réponses
Nom du dieu/
de la déesse
De quoi est-il/elle
le dieu/la déesse?
% Correct
K'inich Ajaw (Dieu) Dieu du Soleil
100%
Votan (Dieu) Dieu de la Guerreet de la Mort
78%
Ah Puch (Dieu) Dieu de la Mort
78%
Chac (Dieu) Dieu de la Pluie
67%
Itzamna (Dieu) Dieu du Ciel
33%
Hunab Ku (Dieu) Dieu créateur
22%
Yum Kaxx (Dieu) Dieu des Plantes
11%
Ix-Chel (Déesse) Déesse des Inondationset des Orages
0%
Ixtab (Déesse) Déesse du Suicide
0%
Ek Chuah (Dieu) Dieu de la Cabossede cacao
0%
Kukulkan (Dieu) Dieu de la Résurrection
0%
Itzam-Yeh (Dieu) Dieu-oiseau
0%
Aucun quiz correspondant
Distribution des résultats
% des personnes avec chaque résultat
Percentile par nombre de réponses
Votre historique - résultats
Vous n’avez pas pris ce quiz depuis la dernière actualisation